[Event "22. Copenhagen Open  (Politiken Cup)"]
[Site "Copenhagen"]
[Date "2000.07.22"]
[Round "6"]
[White "Lilja, Richard"]
[Black "Drejer, Hans Ulrik"]
[Result "1-0"]
[WhiteElo "2080"]
[BlackElo "1680"]
[Annotator "Richard Lilja"]
[PlyCount "59"]
[EventDate "2000.07.17"]
[EventType "swiss"]
[EventRounds "11"]
[EventCountry "DEN"]
[SourceDate "2004.01.01"]

1. e4 c6 2. d4 d5 3. Nc3 dxe4 4. Nxe4 Nf6 5. Nxf6+ gxf6 6. Qd3 Na6 7. Bd2 Qb6
8. O-O-O Nb4 (8... Bg4 {er en anden mulighed.}) 9. Bxb4 Qxb4 10. d5 {Hvis det
ikke spilles nu, stter sort sin lber p e6.} Qa5 11. dxc6 bxc6 12. Qe4 $1
$36 {Holder initiativet.} Bh6+ 13. Kb1 Be6 14. Bc4 $8 (14. Qxc6+ Kf8 15. Qxa8+
(15. Bc4 Rc8 16. Qb5 Qc7 17. Bd3 {igen sikkert godt for hvid, men sort har et
vist initiativ.}) 15... Kg7 16. Qxh8+ Kxh8 {er sikkert godt for hvid, men
stadig uklart!}) 14... O-O $6 ({Men hvad skal sort ellers spille. Det benlyse
} 14... Qa4 15. Rd4 $16 {virker ikke.}) 15. Bxe6 fxe6 16. Qxe6+ Kh8 17. Rd7 ({
Mere sikkert er} 17. Nf3) 17... Qg5 (17... Rab8 $5 18. Qxe7 $2 (18. Ne2 $1)
18... Rxb2+ {og sort har mindst remis.}) 18. Ne2 $1 (18. Nf3 $2 Qxg2 19. Rg1
Qxf3 20. Qxe7 Qf5 21. Rg7 Qxd7 $3 $19) 18... Rab8 $5 {Holder gang i gryder.}
19. Qxe7 Bg7 20. h4 $6 (20. Nf4 $142) 20... Qh6 21. Nf4 {Truer QxB} Rfe8 22.
Qf7 f5 $5 (22... Rf8 {giver ikke remis pga.} 23. Qxg7+) 23. Rb7 Bxb2 $5 {
Ubehageligt ! Tidsnd, men mindre end 1 minut tilbage.} 24. Rxb2 Rxb2+ 25.
Kxb2 Rb8+ 26. Kc3 Qxf4 27. Qf6+ Kg8 28. Qg5+ Qxg5 29. hxg5 Kf7 30. Rxh7+ 1-0

[Event "22. Copenhagen Open  (Politiken Cup)"]
[Site "Copenhagen"]
[Date "2000.07.22"]
[Round "6"]
[White "Lonborg, Morten"]
[Black "Hansen, Morten Lyck"]
[Result "1-0"]
[WhiteElo "2166"]
[BlackElo "1812"]
[PlyCount "81"]
[EventDate "2000.07.17"]
[EventType "swiss"]
[EventRounds "11"]
[EventCountry "DEN"]
[SourceDate "2004.01.01"]

1. d4 Nf6 2. c4 g6 3. Nc3 d5 4. Nf3 Bg7 5. Bf4 O-O 6. e3 c5 7. dxc5 Qa5 8. Rc1
Rd8 9. Qb3 Qxc5 10. Rd1 e6 11. Bg5 h6 12. Bxf6 Bxf6 13. cxd5 Bxc3+ 14. Qxc3
Qxc3+ 15. bxc3 Rxd5 16. Rxd5 exd5 17. Bd3 Nc6 18. Kd2 a6 19. Nd4 Nxd4 20. cxd4
Bd7 21. Rc1 Bc6 22. f3 Re8 23. Rc2 Re6 24. Rc5 Rd6 25. Rc1 Kf8 26. Kc3 Ke7 27.
e4 Rd8 28. e5 Rc8 29. Kb4 a5+ 30. Ka3 Kd7 31. f4 Ke7 32. Bb5 Kd7 33. Bxc6+ Rxc6
34. Rxc6 Kxc6 35. Ka4 Kb6 36. g4 Ka6 37. f5 b5+ 38. Kb3 gxf5 39. gxf5 Kb6 40.
e6 fxe6 41. f6 1-0

[Event "22. Copenhagen Open  (Politiken Cup)"]
[Site "Copenhagen"]
[Date "2000.07.22"]
[Round "6"]
[White "Madhy, Nezar"]
[Black "McShane, Rod"]
[Result "1-0"]
[WhiteElo "1682"]
[BlackElo "1400"]
[PlyCount "43"]
[EventDate "2000.07.17"]
[EventType "swiss"]
[EventRounds "11"]
[EventCountry "DEN"]
[SourceDate "2004.01.01"]

1. d4 Nf6 2. c4 g6 3. g3 Bg7 4. Bg2 d6 5. Nf3 O-O 6. Nc3 Na6 7. O-O c6 8. Re1
Nc7 9. Qc2 Nh5 10. e4 f5 11. Bg5 h6 12. Bd2 fxe4 13. Qxe4 g5 14. Qxe7 g4 15.
Nh4 Qxe7 16. Rxe7 Ne6 17. d5 Bd4 18. dxe6 Rxf2 19. Kh1 Bf6 20. Re8+ Kh7 21.
Be4+ Kg7 22. Nf5+ 1-0

[Event "22. Copenhagen Open  (Politiken Cup)"]
[Site "Copenhagen"]
[Date "2000.07.22"]
[Round "6"]
[White "Matthiesen, Martin"]
[Black "Berg, Olaf"]
[Result "1-0"]
[WhiteElo "2300"]
[BlackElo "1795"]
[PlyCount "69"]
[EventDate "2000.07.17"]
[EventType "swiss"]
[EventRounds "11"]
[EventCountry "DEN"]
[SourceDate "2004.01.01"]

1. e4 c5 2. Nf3 d6 3. Bb5+ Bd7 4. Bxd7+ Qxd7 5. c4 Nf6 6. Nc3 g6 7. O-O Nc6 8.
d4 cxd4 9. Nxd4 Bg7 10. Nde2 O-O 11. f3 Ne5 12. b3 Qc7 13. Be3 a6 14. Rc1 e6
15. Qd2 Rfd8 16. Rfd1 Qa5 17. a4 Ne8 18. Qe1 Nd7 19. Qd2 Nc5 20. Rb1 Qc7 21. a5
Rac8 22. Rdc1 Qe7 23. b4 Nd7 24. Na4 Ne5 25. Nb6 Rc7 26. b5 Nd7 27. Nxd7 Rcxd7
28. bxa6 bxa6 29. Rb6 Ra8 30. Bg5 f6 31. Bf4 f5 32. Nd4 Qf6 33. Nc6 fxe4 34.
fxe4 Rf7 35. Bg5 1-0

[Event "22. Copenhagen Open  (Politiken Cup)"]
[Site "Copenhagen"]
[Date "2000.07.22"]
[Round "6"]
[White "Mikhalevski, Victor"]
[Black "Hoi, Carsten"]
[Result "1-0"]
[WhiteElo "2532"]
[BlackElo "2408"]
[PlyCount "55"]
[EventDate "2000.07.17"]
[EventType "swiss"]
[EventRounds "11"]
[EventCountry "DEN"]
[SourceDate "2004.01.01"]

1. d4 Nf6 2. c4 g6 3. Nc3 Bg7 4. e4 d6 5. Be2 O-O 6. Nf3 Bg4 7. Be3 Nfd7 8. Qd2
c5 9. d5 Na6 10. h4 h5 11. Bh6 Bxf3 12. gxf3 Nc7 13. O-O-O a6 14. Bxg7 Kxg7 15.
f4 b5 16. Rdg1 bxc4 17. Bxh5 Nb5 18. Bd1 Qa5 19. Rh3 Rh8 20. h5 Nxc3 21. Rxc3
Rab8 22. e5 dxe5 23. f5 Rb6 24. fxg6 Nf6 {[#]} 25. h6+ Kg8 26. h7+ Kg7 27.
gxf7+ Kxf7 28. Bh5+ 1-0

[Event "22. Copenhagen Open  (Politiken Cup)"]
[Site "Copenhagen"]
[Date "2000.07.22"]
[Round "6"]
[White "Mittelmann, Gur"]
[Black "Resika, Nathan A"]
[Result "1-0"]
[WhiteElo "2419"]
[BlackElo "2267"]
[PlyCount "53"]
[EventDate "2000.07.17"]
[EventType "swiss"]
[EventRounds "11"]
[EventCountry "DEN"]
[SourceDate "2004.01.01"]

1. d4 g6 2. Nf3 Bg7 3. c4 d6 4. Nc3 Nd7 5. g3 c5 6. Bg2 cxd4 7. Nxd4 Ngf6 8.
O-O O-O 9. b3 a6 10. Bb2 Rb8 11. Qd2 Nc5 12. Rfd1 Bd7 13. Rac1 Ng4 14. Nd5 Bh6
15. e3 Ne5 16. Bc3 e6 17. Nf4 Re8 18. Ba1 b5 19. cxb5 axb5 20. Nde2 Nb7 21.
Bxe5 dxe5 22. Qxd7 exf4 23. Bxb7 fxe3 24. Qxd8 exf2+ 25. Kxf2 Rexd8 26. Rxd8+
Rxd8 27. Rc8 1-0

[Event "22. Copenhagen Open  (Politiken Cup)"]
[Site "Copenhagen"]
[Date "2000.07.22"]
[Round "6"]
[White "Moller, Arne"]
[Black "Schmied, Andreas"]
[Result "0-1"]
[WhiteElo "2026"]
[BlackElo "2155"]
[PlyCount "52"]
[EventDate "2000.07.17"]
[EventType "swiss"]
[EventRounds "11"]
[EventCountry "DEN"]
[SourceDate "2004.01.01"]

1. e4 c5 2. b3 e5 3. Bb2 Nc6 4. Nf3 d6 5. Be2 g6 6. O-O Bg7 7. Na3 Nge7 8. c3
O-O 9. d4 exd4 10. cxd4 d5 11. exd5 Qxd5 12. Nb5 Qd8 13. Qc1 a6 14. Na3 cxd4
15. Rd1 Nf5 16. Qc5 Re8 17. Bd3 Nh4 18. Nxh4 Qxh4 19. Nc2 Re5 20. Qd6 Bg4 21.
Re1 Rae8 22. g3 Qh5 23. f4 Rxe1+ 24. Rxe1 Rxe1+ 25. Nxe1 {[#]} Qa5 26. Nc2 Bf8
0-1

[Event "22. Copenhagen Open  (Politiken Cup)"]
[Site "Copenhagen"]
[Date "2000.07.22"]
[Round "6"]
[White "Molvig, Henrik"]
[Black "Pedersen, Christian Kyndel"]
[Result "1/2-1/2"]
[WhiteElo "2224"]
[BlackElo "2127"]
[PlyCount "132"]
[EventDate "2000.07.17"]
[EventType "swiss"]
[EventRounds "11"]
[EventCountry "DEN"]
[SourceDate "2004.01.01"]

1. d4 Nf6 2. c4 g6 3. Nc3 Bg7 4. e4 d6 5. Nf3 O-O 6. Be2 e5 7. O-O Nc6 8. d5
Ne7 9. Ne1 Nd7 10. Be3 f5 11. f3 f4 12. Bf2 g5 13. a4 Ng6 14. a5 a6 15. Nd3 Rf7
16. c5 Nf6 17. Kh1 Bf8 18. cxd6 cxd6 19. Na4 g4 20. Nb6 Rb8 21. fxg4 Nxe4 22.
Bf3 Ng5 23. Ra4 Be7 24. Nxc8 Rxc8 25. Bb6 Qd7 26. Nf2 Nh4 27. Ne4 Nhxf3 28.
gxf3 Nxe4 29. Rxe4 Qb5 30. Re2 Bd8 31. Bxd8 Rxd8 32. g5 Rg7 33. Rg1 Qd7 34. Qd3
Rc8 35. h4 Rc5 36. b4 Qb5 37. Qxb5 Rxb5 38. Rc2 Re7 39. Rc8+ Kf7 40. h5 Rxd5
41. g6+ hxg6 42. hxg6+ Kg7 43. Rc2 Rd4 44. Rh2 Kf6 45. Rh8 Rg7 46. Rf8+ Ke7 47.
Rc8 Rxb4 48. Kh2 Rb2+ 49. Kh3 Rb3 50. Kh4 Rxf3 51. Kg5 Rg3+ 52. Rxg3 fxg3 53.
Rc3 Ke6 54. Rxg3 e4 55. Rh3 d5 56. Rh7 Rg8 57. Rxb7 Ke5 58. g7 d4 59. Re7+ Kd5
60. Kf4 e3 61. Kf3 Kc4 62. Ke2 Rb8 63. Rb7 Re8 64. Rd7 Kc5 65. Re7 Rd8 66. Rd7
Re8 1/2-1/2

[Event "22. Copenhagen Open  (Politiken Cup)"]
[Site "Copenhagen"]
[Date "2000.07.22"]
[Round "6"]
[White "Nicolaisen, Jeppe"]
[Black "Schultz Pedersen, Jesper"]
[Result "1/2-1/2"]
[WhiteElo "2040"]
[BlackElo "2215"]
[PlyCount "25"]
[EventDate "2000.07.17"]
[EventType "swiss"]
[EventRounds "11"]
[EventCountry "DEN"]
[SourceDate "2004.01.01"]

1. e4 Nc6 2. Nf3 e6 3. d4 d5 4. Nc3 Bb4 5. Bd3 Nf6 6. Bg5 h6 7. Bxf6 Qxf6 8.
O-O Bxc3 9. bxc3 dxe4 10. Bxe4 Bd7 11. Rb1 Rb8 12. Qe2 O-O 13. Bxc6 1/2-1/2

[Event "22. Copenhagen Open  (Politiken Cup)"]
[Site "Copenhagen"]
[Date "2000.07.22"]
[Round "6"]
[White "Nielsen, Anders Bodholt"]
[Black "Bromann, Thorbjorn"]
[Result "0-1"]
[WhiteElo "2055"]
[BlackElo "2261"]
[PlyCount "78"]
[EventDate "2000.07.17"]
[EventType "swiss"]
[EventRounds "11"]
[EventCountry "DEN"]
[SourceDate "2004.01.01"]

1. Nf3 d5 2. d4 Nc6 3. Bf4 Bg4 4. e3 e6 5. c4 Nf6 6. a3 Nh5 7. cxd5 exd5 8. Bg3
Nxg3 9. hxg3 Bd6 10. Nc3 Ne7 11. Nb5 Nc8 12. Nxd6+ Nxd6 13. Bd3 g6 14. Qc2 c6
15. Ne5 Bf5 16. Bxf5 Nxf5 17. Rc1 Kf8 18. Qe2 Kg7 19. g4 Nd6 20. Kf1 Ne4 21.
Kg1 Qe7 22. Nd3 Rac8 23. b4 a5 24. g3 Ra8 25. Kg2 Ra7 26. Rc2 Nd6 27. Nc5 axb4
28. axb4 Ra3 29. Ra2 Rxa2 30. Qxa2 b6 31. Nb3 Qe4+ 32. Kg1 Qxg4 33. Kh2 h5 34.
Qd2 h4 35. Kg2 Ne4 36. Qc2 Ng5 37. Nd2 Qe2 38. Qxc6 h3+ 39. Kh2 Qxf2# 0-1

[Event "22. Copenhagen Open  (Politiken Cup)"]
[Site "Copenhagen"]
[Date "2000.07.22"]
[Round "6"]
[White "Nielsen, Borge Hjerrild"]
[Black "Wiman, Kenneth"]
[Result "1-0"]
[WhiteElo "2153"]
[BlackElo "1895"]
[PlyCount "79"]
[EventDate "2000.07.17"]
[EventType "swiss"]
[EventRounds "11"]
[EventCountry "DEN"]
[SourceDate "2004.01.01"]

1. d4 Nf6 2. c4 e6 3. Nc3 Bb4 4. Qc2 c5 5. dxc5 Na6 6. Bd2 Bxc5 7. Nf3 O-O 8.
g3 b6 9. Bg2 Bb7 10. O-O Qc8 11. Rac1 Be7 12. b3 Nc5 13. Nd4 Bxg2 14. Kxg2 d6
15. f3 a6 16. e4 Re8 17. Be3 Ncd7 18. Rfd1 Qc7 19. Qf2 Rac8 20. Kg1 Bf8 21. Na4
Nc5 22. Nb2 Qb7 23. Qe2 Ncd7 24. Bg5 h6 25. Bxf6 Nxf6 26. Kg2 Rb8 27. Rc2 g6
28. Qd3 Nd7 29. Rdc1 h5 30. Nd1 Bh6 31. Rb1 Nc5 32. Qc3 e5 33. Ne2 f5 34. exf5
gxf5 35. Ne3 e4 36. f4 Bg7 37. Qd2 Nd3 38. Nc3 Rf8 39. Ncd5 Nb4 40. Nxb4 1-0

[Event "22. Copenhagen Open  (Politiken Cup)"]
[Site "Copenhagen"]
[Date "2000.07.22"]
[Round "6"]
[White "Nielsen, Nicholas Roland"]
[Black "Christensen, Jan N"]
[Result "1/2-1/2"]
[WhiteElo "1864"]
[BlackElo "2139"]
[PlyCount "57"]
[EventDate "2000.07.17"]
[EventType "swiss"]
[EventRounds "11"]
[EventCountry "DEN"]
[SourceDate "2004.01.01"]

1. e4 e5 2. Nc3 Nc6 3. Bc4 Bc5 4. d3 d6 5. Be3 Bb6 6. Bxb6 axb6 7. Nge2 Na5 8.
Bb3 Nxb3 9. axb3 Rxa1 10. Qxa1 f5 11. exf5 Nh6 12. g4 Qh4 13. h3 O-O 14. Ng3
Bd7 15. Qd1 Bc6 16. Nce4 d5 17. Nd2 e4 18. dxe4 dxe4 19. Ndxe4 Re8 20. Kf1 Bxe4
21. Nxe4 Nxg4 22. Qxg4 Rxe4 23. Qxh4 Rxh4 24. Kg2 Rd4 25. Kf3 Kf7 26. Ke3 Rh4
27. f4 Kf6 28. Ke4 Rh5 29. Rd1 1/2-1/2

[Event "22. Copenhagen Open  (Politiken Cup)"]
[Site "Copenhagen"]
[Date "2000.07.22"]
[Round "6"]
[White "Nielsen, Rune"]
[Black "Nicolaisen, Erik"]
[Result "1-0"]
[WhiteElo "1611"]
[BlackElo "2035"]
[PlyCount "101"]
[EventDate "2000.07.17"]
[EventType "swiss"]
[EventRounds "11"]
[EventCountry "DEN"]
[SourceDate "2004.01.01"]

1. d4 d5 2. c4 Nc6 3. Nf3 Bg4 4. e3 e5 5. h3 Bh5 6. g4 Bg6 7. Nxe5 Nxe5 8. dxe5
dxc4 9. Qxd8+ Rxd8 10. Bxc4 Be4 11. O-O h5 12. f3 Bc6 13. Nc3 a6 14. e4 Bc5+
15. Kg2 Ne7 16. e6 f6 17. Bf4 Bb6 18. Rad1 Ng6 19. Rxd8+ Kxd8 20. Rd1+ Ke7 21.
Bg3 hxg4 22. hxg4 Rd8 23. Rxd8 Kxd8 24. Bd5 Bd4 25. Bxc6 bxc6 26. f4 Ne7 27.
Bf2 c5 28. Na4 Ng6 29. Bxd4 cxd4 30. Kf3 Ke7 31. f5 Ne5+ 32. Kg3 d3 33. Nc3 c5
34. b3 c4 35. bxc4 Nxc4 36. Kf2 Ne5 37. Ke3 Nxg4+ 38. Kxd3 g5 39. Ke2 Kf8 40.
Nd5 Kg7 41. Nc7 Kf8 42. Nxa6 Ne5 43. Nc5 Ke7 44. a4 Nc6 45. Nb3 Kd6 46. a5 Kc7
47. Ke3 Ne7 48. Nc5 Kc6 49. Nd7 Ng8 50. e5 fxe5 51. f6 1-0

[Event "22. Copenhagen Open  (Politiken Cup)"]
[Site "Copenhagen"]
[Date "2000.07.22"]
[Round "6"]
[White "Nielsen, Simon Saito"]
[Black "Hansen, Henrik Michael"]
[Result "0-1"]
[WhiteElo "2138"]
[BlackElo "2119"]
[PlyCount "94"]
[EventDate "2000.07.17"]
[EventType "swiss"]
[EventRounds "11"]
[EventCountry "DEN"]
[SourceDate "2004.01.01"]

1. d4 d5 2. c4 dxc4 3. e4 c5 4. d5 Nf6 5. Nc3 b5 6. Bf4 Qa5 7. a4 Nxe4 8. Nge2
Nd6 9. axb5 Qb6 10. Bxd6 exd6 11. Ng3 Be7 12. Bxc4 Nd7 13. Nf5 Ne5 14. Nxe7
Kxe7 15. Qe2 Re8 16. O-O Kf8 17. Rfe1 Bg4 18. Qf1 Qc7 19. h3 Bf5 20. f4 Nxc4
21. Qxc4 Qd7 22. Kf2 Bxh3 23. gxh3 Qxh3 24. Qf1 Qh4+ 25. Kf3 f5 26. Qg1 h6 27.
Re6 g5 28. Qg3 Qh5+ 29. Kf2 Rxe6 30. dxe6 Re8 31. Re1 Qg6 32. fxg5 Rxe6 33.
Rxe6 Qxe6 34. Qe3 Qxe3+ 35. Kxe3 hxg5 36. Nd5 Kf7 37. b4 Ke6 38. Nc7+ Ke5 39.
bxc5 dxc5 40. Na6 c4 41. Nb4 f4+ 42. Kf3 c3 43. Nc6+ Kd6 44. Nd4 Kd5 45. Ne2 c2
46. Kf2 Kc4 47. Ke1 f3 0-1

[Event "22. Copenhagen Open  (Politiken Cup)"]
[Site "Copenhagen"]
[Date "2000.07.22"]
[Round "6"]
[White "Petersen, Kim Linde"]
[Black "Christensen, Verner"]
[Result "1/2-1/2"]
[WhiteElo "1454"]
[BlackElo "1761"]
[PlyCount "55"]
[EventDate "2000.07.17"]
[EventType "swiss"]
[EventRounds "11"]
[EventCountry "DEN"]
[SourceDate "2004.01.01"]

1. c4 e5 2. Nc3 Nc6 3. a3 Nf6 4. g4 Nxg4 5. e3 h5 6. Nf3 d6 7. h3 Nf6 8. b4 Bf5
9. b5 Nb8 10. d3 Nbd7 11. e4 Be6 12. Be3 Nc5 13. Rg1 Qd7 14. Ng5 g6 15. d4 exd4
16. Bxd4 Bg7 17. e5 Nh7 18. exd6 O-O-O 19. Bxg7 Rhe8 20. Be2 Bxc4 21. Qd4 Bxe2
22. Qxc5 Nxg5 23. Rxg5 Bf3+ 24. Kd2 Qxd6+ 25. Qxd6 Rxd6+ 26. Kc2 Red8 27. Kb3
Rd3 28. Rc1 1/2-1/2

[Event "22. Copenhagen Open  (Politiken Cup)"]
[Site "Copenhagen"]
[Date "2000.07.22"]
[Round "6"]
[White "Petersen, Lars"]
[Black "Hansen, Ib Lyns"]
[Result "1-0"]
[WhiteElo "2097"]
[BlackElo "1769"]
[PlyCount "61"]
[EventDate "2000.07.17"]
[EventType "swiss"]
[EventRounds "11"]
[EventCountry "DEN"]
[SourceDate "2004.01.01"]

1. d4 Nf6 2. Nf3 g6 3. Bf4 Bg7 4. e3 d6 5. h3 O-O 6. Be2 c6 7. O-O Nbd7 8. c4
a6 9. a4 b6 10. Nc3 Nh5 11. Bh2 Bb7 12. Qc2 Qc7 13. b4 Rae8 14. a5 e5 15. axb6
Qxb6 16. c5 dxc5 17. Na4 Qa7 18. Nxc5 Nxc5 19. bxc5 exd4 20. exd4 Rd8 21. Ra4
Rfe8 22. Rfa1 Bc8 23. Bd6 Rxd6 24. cxd6 Nf4 25. Bxa6 Qd7 26. Bxc8 Rxc8 27. Ra8
Bf8 28. R1a7 Qd8 29. Qb3 Ne6 30. Qb7 Ng5 31. Nxg5 1-0

[Event "22. Copenhagen Open  (Politiken Cup)"]
[Site "Copenhagen"]
[Date "2000.07.22"]
[Round "6"]
[White "Petersen, Nils"]
[Black "Christensen, Stefan"]
[Result "1/2-1/2"]
[WhiteElo "2038"]
[BlackElo "2176"]
[PlyCount "40"]
[EventDate "2000.07.17"]
[EventType "swiss"]
[EventRounds "11"]
[EventCountry "DEN"]
[SourceDate "2004.01.01"]

1. c4 e5 2. Nc3 Nf6 3. Nf3 Nc6 4. e3 Bb4 5. Qc2 O-O 6. Be2 Re8 7. O-O d6 8. h3
e4 9. Ne1 Bxc3 10. Qxc3 Bf5 11. b4 Qd7 12. Bb2 Bxh3 13. gxh3 Qxh3 14. f4 exf3
15. Rxf3 Qg4+ 16. Ng2 Ne4 17. Rxf7 Nxc3 18. Bxg4 Kxf7 19. Bxc3 Ne5 20. Bh5+ g6
1/2-1/2

[Event "22. Copenhagen Open  (Politiken Cup)"]
[Site "Copenhagen"]
[Date "2000.07.22"]
[Round "6"]
[White "Petersen, Steen"]
[Black "Bekker Jensen, David"]
[Result "0-1"]
[WhiteElo "2162"]
[BlackElo "2320"]
[PlyCount "110"]
[EventDate "2000.07.17"]
[EventType "swiss"]
[EventRounds "11"]
[EventCountry "DEN"]
[SourceDate "2004.01.01"]

1. e4 c5 2. Nf3 d6 3. d4 Nf6 4. Nc3 cxd4 5. Nxd4 a6 6. g3 e5 7. Nb3 Be7 8. Bg2
O-O 9. O-O b5 10. a4 Bb7 11. axb5 axb5 12. Rxa8 Bxa8 13. Bg5 Nbd7 14. Nxb5 Nxe4
15. Bxe7 Qxe7 16. Nc7 Ndf6 17. Nxa8 Qb7 18. Qe2 $11 Qxa8 19. Nd2 d5 20. Nxe4
dxe4 21. Rd1 g6 22. c4 Rb8 23. c5 Qa2 24. c6 Kg7 25. c7 Rc8 26. Rc1 Qa7 27.
Bxe4 Rxc7 28. Rxc7 Qxc7 29. b4 Qb6 30. Qc4 Ng4 31. Qc5 Qxc5 32. bxc5 Nf6 33. f3
Kf8 34. Kf2 Ke7 35. Ke3 Nd7 36. c6 Nf6 37. g4 Kd6 38. g5 Ne8 39. Kd3 Nc7 40.
Kc4 Ne6 41. h4 Nd4 42. c7 Kxc7 43. Kd5 Nc6 44. h5 gxh5 45. f4 exf4 46. Bf3 h4
47. Ke4 h3 48. Kxf4 Nd4 49. Be4 Ne6+ 50. Kf5 Kd7 51. Kf6 h2 52. Bh1 Ke8 53. Bb7
Kf8 54. Be4 Nd4 55. Ke5 Ne2 0-1

[Event "22. Copenhagen Open  (Politiken Cup)"]
[Site "Copenhagen"]
[Date "2000.07.22"]
[Round "6"]
[White "Petersen, Steffen"]
[Black "Nielsen, Thomas"]
[Result "0-1"]
[WhiteElo "2121"]
[BlackElo "1809"]
[PlyCount "30"]
[EventDate "2000.07.17"]
[EventType "swiss"]
[EventRounds "11"]
[EventCountry "DEN"]
[SourceDate "2004.01.01"]

1. e4 Nf6 2. d3 d6 3. Nc3 g6 4. Nf3 Bg4 5. Be2 Bxf3 6. gxf3 Nc6 7. Be3 e5 8.
Qd2 Be7 9. f4 Nd4 10. fxe5 dxe5 11. O-O-O Bb4 12. Rde1 Qd6 13. h3 Nb5 14. Kb1
Bxc3 15. bxc3 Qa3 0-1

[Event "22. Copenhagen Open  (Politiken Cup)"]
[Site "Copenhagen"]
[Date "2000.07.22"]
[Round "6"]
[White "Radovic, Slobodan"]
[Black "Pedersen, Steen"]
[Result "0-1"]
[WhiteElo "1389"]
[BlackElo "1755"]
[PlyCount "78"]
[EventDate "2000.07.17"]
[EventType "swiss"]
[EventRounds "11"]
[EventCountry "DEN"]
[SourceDate "2004.01.01"]

1. Nf3 d5 2. d4 Nf6 3. c4 e6 4. Qc2 c6 5. e3 Bd6 6. Bd3 Nbd7 7. c5 Bc7 8. O-O
O-O 9. Nc3 e5 10. dxe5 Nxe5 11. Nxe5 Bxe5 12. b4 Re8 13. Bb2 Bxh2+ 14. Kh1 Bc7
15. Ne2 Ne4 16. g3 Qg5 17. Kg2 Bf5 18. f4 Qg4 19. Rh1 {[#]} Nxg3 20. Bxf5 Nxf5+
21. Kf2 Rxe3 22. Rag1 Qf3+ 23. Ke1 Re4 24. Rf1 Qxe2+ 25. Qxe2 Rxe2+ 26. Kxe2
Ng3+ 27. Kf3 Nxh1 28. Rxh1 f5 29. Re1 Kf7 30. Bxg7 Re8 31. Be5 Bxe5 32. fxe5
Ke6 33. Rh1 Re7 34. Rh6+ Kxe5 35. a4 Kd4 36. Rh4+ Kd3 37. Rh5 Kc4 38. Rh4+ d4
39. Kf4 Re4+ 0-1

[Event "22. Copenhagen Open  (Politiken Cup)"]
[Site "Copenhagen"]
[Date "2000.07.22"]
[Round "6"]
[White "Rasmussen, Allan Stig"]
[Black "Grahn, Lars"]
[Result "1-0"]
[WhiteElo "2199"]
[BlackElo "2105"]
[PlyCount "77"]
[EventDate "2000.07.17"]
[EventType "swiss"]
[EventRounds "11"]
[EventCountry "DEN"]
[SourceDate "2004.01.01"]

1. e4 e5 2. Nc3 d6 3. d3 Nc6 4. f4 exf4 5. Bxf4 Nf6 6. Nf3 Bg4 7. h3 Bh5 8. Be2
Be7 9. Qd2 Qd7 10. g4 Bg6 11. O-O-O O-O-O 12. Nd5 Nxd5 13. exd5 Ne5 14. Qa5 Kb8
15. Nd2 c5 16. dxc6 Nxc6 17. Qa4 h6 18. h4 Ne5 19. Qxd7 Rxd7 20. Nf1 h5 21. g5
Bd8 22. Ne3 Nc6 23. c3 Bc7 24. Bf1 d5 25. Bxc7+ Kxc7 26. Bh3 Rdd8 27. d4 Rhe8
28. Rde1 Kd6 29. Kd2 b5 30. Bg2 Ne7 31. Re2 Rb8 32. Rhe1 Rec8 33. b3 Rc7 34.
Rf2 a5 35. Bh3 a4 36. b4 Rbb7 37. a3 Ra7 38. Ref1 Rab7 39. Rf6+ {[#]} 1-0

[Event "22. Copenhagen Open  (Politiken Cup)"]
[Site "Copenhagen"]
[Date "2000.07.22"]
[Round "6"]
[White "Rosenberg, Jan"]
[Black "Preuss, Flemming"]
[Result "1-0"]
[WhiteElo "1625"]
[BlackElo "2072"]
[PlyCount "81"]
[EventDate "2000.07.17"]
[EventType "swiss"]
[EventRounds "11"]
[EventCountry "DEN"]
[SourceDate "2004.01.01"]

1. e4 e5 2. d4 d6 3. dxe5 dxe5 4. Qxd8+ Kxd8 5. Bc4 f6 6. Be3 c6 7. Nc3 Nd7 8.
O-O-O Kc7 9. a3 Nc5 10. Nge2 Be6 11. Bxe6 Nxe6 12. b4 Bd6 13. Rd3 Ne7 14. Rhd1
Rhd8 15. g3 Nc8 16. Na4 a5 17. Nc5 Bxc5 18. bxc5 b5 19. Rxd8 Nxd8 20. f4 Ne6
21. f5 Nd8 22. g4 h6 23. Ng3 a4 24. Nh5 Nf7 25. h4 Ne7 26. Nxg7 Rg8 27. Nh5
Rxg4 28. Nxf6 Rg3 29. Rd7+ Kc8 30. Kd2 Nd8 31. Rxe7 b4 32. axb4 Nb7 33. Rxe5 a3
34. Bd4 a2 35. Re8+ Kc7 36. Rg8 Ra3 37. Rg1 Rh3 38. Ne8+ Kd8 39. Nd6 Nxd6 40.
cxd6 Kd7 41. e5 1-0

[Event "22. Copenhagen Open  (Politiken Cup)"]
[Site "Copenhagen"]
[Date "2000.07.22"]
[Round "6"]
[White "Rubeksen, Thomas Hans"]
[Black "Al Saad, Mofid"]
[Result "0-1"]
[WhiteElo "1210"]
[BlackElo "1496"]
[PlyCount "138"]
[EventDate "2000.07.17"]
[EventType "swiss"]
[EventRounds "11"]
[EventCountry "DEN"]
[SourceDate "2004.01.01"]

1. e4 g6 2. d4 d6 3. Be3 Bg7 4. Nc3 c6 5. h3 Nd7 6. Bd3 Ngf6 7. Nf3 e5 8. dxe5
Nxe5 9. Nxe5 dxe5 10. Qd2 Qc7 11. Bh6 O-O 12. Bxg7 Kxg7 13. O-O Rd8 14. Rfd1 b5
15. Qe3 Qe7 16. Be2 Be6 17. a3 a6 18. Rxd8 Rxd8 19. Qb6 c5 20. f3 Rd6 21. Qa5
Nh5 22. Rd1 Rxd1+ 23. Nxd1 Qd6 24. Kf1 Ng3+ 25. Kf2 Nxe2 26. Kxe2 Bc4+ 27. Ke1
Qd4 28. Qc3 Qg1+ 29. Kd2 Qxg2+ 30. Kc1 f6 31. b3 Be2 32. Ne3 Qxf3 33. Qxc5 Qxe4
34. Qe7+ Kh6 35. Kd2 Bf3 36. Qxf6 Qd4+ 37. Kc1 Qxe3+ 38. Kb2 Qf4 39. Qxa6 Be2
40. a4 Qd4+ 41. Kc1 Qd1+ 42. Kb2 bxa4 43. Qxa4 Qd4+ 44. Qxd4 exd4 45. b4 Kg7
46. Kc1 Kf6 47. Kd2 Bb5 48. c3 Ke5 49. cxd4+ Kxd4 50. Ke1 Kc3 51. Kf2 Kxb4 52.
Kg3 Kc5 53. Kg4 h6 54. h4 Kd5 55. Kf4 Ke6 56. Ke4 Kf6 57. Kf4 Be2 58. Ke3 Bd1
59. Kf4 g5+ 60. hxg5+ hxg5+ 61. Kg3 Kf5 62. Kg2 Kf4 63. Kf2 g4 64. Kg2 Bf3+ 65.
Kf2 g3+ 66. Kf1 Kg4 67. Kg1 Kh3 68. Kf1 Kh2 69. Ke1 g2 0-1

[Event "22. Copenhagen Open  (Politiken Cup)"]
[Site "Copenhagen"]
[Date "2000.07.22"]
[Round "6"]
[White "Schmidt, Horst"]
[Black "Nielsen, Dagh"]
[Result "1-0"]
[WhiteElo "2025"]
[BlackElo "1576"]
[PlyCount "65"]
[EventDate "2000.07.17"]
[EventType "swiss"]
[EventRounds "11"]
[EventCountry "DEN"]
[SourceDate "2004.01.01"]

1. d4 Nf6 2. Nf3 g6 3. c4 Bg7 4. Nc3 d5 5. cxd5 Nxd5 6. e4 Nxc3 7. bxc3 c5 8.
Bc4 Nc6 9. Be3 O-O 10. O-O Bg4 11. d5 Ne5 12. Be2 Nxf3+ 13. Bxf3 Bxf3 14. Qxf3
Qa5 15. Rac1 Rfc8 16. Bg5 f6 17. Bf4 Qxa2 18. Qg4 e5 19. Qe6+ Kh8 20. Ra1 Qc4 {
[#]} 21. Rxa7 exf4 22. Rxb7 Rg8 23. Rfb1 Rae8 24. Re7 Qd3 25. Rf1 Qb5 26. d6
Qc6 27. Rd1 Rxe7 28. Qxe7 Re8 29. Qc7 Qxe4 30. h3 Qa8 31. d7 Rd8 32. Re1 f5 33.
Qxd8+ 1-0